| 000 | 00575nam a2200181Ia 4500 | ||
|---|---|---|---|
| 003 | GCL | ||
| 008 | 140319s9999 xx 000 0 ara d | ||
| 040 |
_aGCL / _cGCL |
||
| 082 | 0 | 4 |
_a341.78 _bج م |
| 245 | 1 | 0 | _aموسوعة التشريعات العربية |
| 260 |
_aالقاهرة : _bجامعة الدول العربية - مجلس وزارء العدل العرب |
||
| 300 |
_a117 ص ؛ _c24 سم |
||
| 650 | 0 | 4 | _aالقانون |
| 650 | 0 | 4 | _aالتشريع |
| 650 | 0 | 4 | _aقوانين وتشريعات |
| 650 | 0 | 4 | _aالنظم القانونية |
| 942 |
_2ddc _cBK |
||
| 999 |
_c32799 _d32799 |
||